[Event "Titled Tuesday intern op 12th Jan"]
[Site "Chess.com INT"]
[Date "2021.01.12"]
[Round "7"]
[White "Pichot, Alan"]
[Black "Zhigalko, Sergei"]
[Result "1/2-1/2"]
[WhiteElo "2630"]
[BlackElo "2572"]
[PlyCount "141"]
[EventDate "2021.01.12"]
[EventType "swiss (blitz)"]
[EventRounds "11"]
[EventCountry "USA"]
[SourceTitle "CBM 200 Extra"]
[Source "ChessBase"]
[SourceDate "2021.03.31"]
[SourceVersion "1"]
[SourceVersionDate "2021.03.31"]
[SourceQuality "1"]

1. e4 c5 2. Nf3 Nc6 3. d4 cxd4 4. Nxd4 Nf6 5. Nc3 e5 6. Ndb5 d6 7. Bg5 a6 8. Na3 b5 9. Nd5 Be7 10. Bxf6 Bxf6 11. c3 Bg5 12. Nc2 Ne7 13. a4 bxa4 14. Ncb4 O-O 15. Rxa4 a5 16. Nxe7+ Qxe7 17. Nd5 Qb7 18. b3 Bd7 19. Ra2 Rfc8 20. h4 Bd8 21. Be2 Be6 22. Bc4 a4 23. O-O Bxh4 24. Qc2 Bd8 25. Rfa1 axb3 26. Qxb3 Qxb3 27. Bxb3 Rab8 28. Ra3 g6 29. Rd1 Kg7 30. Rd2 h5 31. Ba2 Bg5 32. Rd1 Rb2 33. Ra7 Rcb8 34. Bc4 h4 35. Nb6 Bxc4 36. Nxc4 Rb1 37. Rxb1 Rxb1+ 38. Kh2 Rd1 39. Rd7 Rd3 40. g3 hxg3+ 41. fxg3 Kf8 42. Rxd6 Rxc3 43. Nxe5 Be7 44. Rd7 Rc2+ 45. Kh3 Re2 46. Rd4 Bf6 47. Nd7+ Kg7 48. Nxf6 Kxf6 49. Kg4 Ke5 50. Rd5+ Kxe4 51. Rd7 Rf2 52. Re7+ Kd5 53. Kh4 Kd6 54. Re8 Kd7 55. Re1 Rf6 56. g4 Re6 57. Rf1 Ke7 58. Kg5 Kf8 59. Kh6 Kg8 60. Ra1 Kf8 61. Ra8+ Ke7 62. Kg7 f5 63. gxf5 gxf5 64. Rf8 Re5 65. Rf6 f4 66. Rxf4 Rg5+ 67. Kh6 Re5 68. Rg4 Ke6 69. Rg6+ Kd5 70. Rg5 Rxg5 71. Kxg5 1/2-1/2

[Event "Titled Tuesday intern op 12th Jan"]
[Site "Chess.com INT"]
[Date "2021.01.12"]
[Round "8"]
[White "Zhigalko, Sergei"]
[Black "Oparin, Grigoriy"]
[Result "1-0"]
[WhiteElo "2572"]
[BlackElo "2652"]
[PlyCount "39"]
[EventDate "2021.01.12"]
[EventType "swiss (blitz)"]
[EventRounds "11"]
[EventCountry "USA"]
[SourceTitle "CBM 200 Extra"]
[Source "ChessBase"]
[SourceDate "2021.03.31"]
[SourceVersion "1"]
[SourceVersionDate "2021.03.31"]
[SourceQuality "1"]

1. e4 e5 2. Nf3 Nc6 3. Bc4 Nf6 4. d3 Bc5 5. O-O O-O 6. Nbd2 d6 7. c3 a6 8. Bb3 Ba7 9. h3 Ne7 10. Re1 Ng6 11. Nf1 h6 12. Ng3 Re8 13. d4 Bd7 14. Bc2 b5 15. Be3 c5 16. Qd2 Qc7 17. Rad1 Rad8 18. Bxh6 gxh6 19. Qxh6 Nh7 20. Nh5 1-0

[Event "Titled Tuesday intern op 12th Jan"]
[Site "Chess.com INT"]
[Date "2021.01.12"]
[Round "9"]
[White "Zhigalko, Sergei"]
[Black "Sarana, Alexey"]
[Result "0-1"]
[WhiteElo "2572"]
[BlackElo "2649"]
[PlyCount "96"]
[EventDate "2021.01.12"]
[EventType "swiss (blitz)"]
[EventRounds "11"]
[EventCountry "USA"]
[SourceTitle "CBM 200 Extra"]
[Source "ChessBase"]
[SourceDate "2021.03.31"]
[SourceVersion "1"]
[SourceVersionDate "2021.03.31"]
[SourceQuality "1"]

1. e4 c5 2. Nf3 d6 3. d4 cxd4 4. Qxd4 Nc6 5. Bb5 Bd7 6. Bxc6 Bxc6 7. Nc3 h6 8. Qd3 Nf6 9. Nd4 e5 10. Nf5 Qd7 11. O-O Rd8 12. Rd1 a6 13. h3 Qe6 14. Nd5 Bxd5 15. exd5 Qd7 16. Qf3 Rc8 17. c3 g6 18. Nxh6 Be7 19. Bg5 Rc4 20. b3 Rc5 21. c4 Qd8 22. Re1 Rh7 23. Rac1 Nh5 24. Be3 Rc8 25. Qg4 Kf8 26. c5 Nf6 27. Qf3 e4 28. Qf4 Nxd5 29. Qxe4 Nxe3 30. Qxe3 Bg5 31. f4 Bxh6 32. cxd6 Rxc1 33. Rxc1 Qxd6 34. Rc8+ Kg7 35. Qc3+ f6 36. Rc7+ Kh8 37. Rc8+ Bf8 38. Qc2 Rg7 39. Kh1 Kh7 40. Qf2 Rf7 41. Qh4+ Kg7 42. Kh2 Qe6 43. Ra8 Qe4 44. Kh1 g5 45. Qh5 Qxf4 46. Rc8 Rd7 47. Ra8 Rc7 48. Qd1 Rc1 0-1

[Event "Titled Tuesday intern op 12th Jan"]
[Site "Chess.com INT"]
[Date "2021.01.12"]
[Round "10"]
[White "Martinez Alcantara, Jose Eduardo"]
[Black "Zhigalko, Sergei"]
[Result "1-0"]
[WhiteElo "2620"]
[BlackElo "2572"]
[PlyCount "67"]
[EventDate "2021.01.12"]
[EventType "swiss (blitz)"]
[EventRounds "11"]
[EventCountry "USA"]
[SourceTitle "CBM 200 Extra"]
[Source "ChessBase"]
[SourceDate "2021.03.31"]
[SourceVersion "1"]
[SourceVersionDate "2021.03.31"]
[SourceQuality "1"]

1. e4 c5 2. Nf3 Nc6 3. Nc3 Nf6 4. Bc4 e6 5. d3 d5 6. Bb5 Be7 7. Bxc6+ bxc6 8. O-O O-O 9. e5 Nd7 10. Re1 Rb8 11. b3 Ba6 12. Bf4 c4 13. dxc4 dxc4 14. Ne4 Nb6 15. Bg5 Nd5 16. Qd2 c3 17. Qc1 f6 18. Bh4 c5 19. exf6 gxf6 20. Ng3 Rb6 21. Qh6 Rf7 22. a3 Qf8 23. Qh5 Qg7 24. Re4 f5 25. Ra4 Bb7 26. Bxe7 Rxe7 27. Qh4 Bc6 28. Rc4 Rb5 29. Re1 Nf6 30. a4 Ra5 31. Ne5 Bd5 32. Rxc3 Ng4 33. Nh5 Qf7 34. Nxf7 1-0

[Event "Titled Tuesday intern op 12th Jan"]
[Site "Chess.com INT"]
[Date "2021.01.12"]
[Round "11"]
[White "Zhigalko, Sergei"]
[Black "Lysyj, Igor"]
[Result "1-0"]
[WhiteElo "2572"]
[BlackElo "2605"]
[PlyCount "53"]
[EventDate "2021.01.12"]
[EventType "swiss (blitz)"]
[EventRounds "11"]
[EventCountry "USA"]
[SourceTitle "CBM 200 Extra"]
[Source "ChessBase"]
[SourceDate "2021.03.31"]
[SourceVersion "1"]
[SourceVersionDate "2021.03.31"]
[SourceQuality "1"]

1. e4 e5 2. Nf3 Nc6 3. Bc4 Bc5 4. b4 Bxb4 5. c3 Ba5 6. d4 d6 7. Qb3 Qd7 8. O-O Bb6 9. Nbd2 Na5 10. Qc2 Nxc4 11. Nxc4 Qc6 12. Nxb6 axb6 13. dxe5 dxe5 14. Nxe5 Qa4 15. Qd3 Nf6 16. Qg3 O-O 17. Bh6 Nh5 18. Qf3 Nf6 19. Qg3 Nh5 20. Qf3 gxh6 21. Qxh5 Qxe4 22. Rfe1 Qf4 23. Re3 Be6 24. Rf3 Rxa2 25. Rd1 Qa4 26. Rg3+ Kh8 27. Nxf7+ 1-0

[Event "Titled Tuesday intern op 19th Jan"]
[Site "Chess.com INT"]
[Date "2021.01.19"]
[Round "1"]
[White "Zhigalko, Sergei"]
[Black "Novikov, Evgenij"]
[Result "1-0"]
[WhiteElo "2572"]
[BlackElo "2276"]
[PlyCount "93"]
[EventDate "2021.01.19"]
[EventType "swiss (blitz)"]
[EventRounds "11"]
[EventCountry "USA"]
[SourceTitle "CBM 200 Extra"]
[Source "ChessBase"]
[SourceDate "2021.03.31"]
[SourceVersion "1"]
[SourceVersionDate "2021.03.31"]
[SourceQuality "1"]

1. e4 c5 2. Nf3 Nc6 3. c3 Nf6 4. e5 Nd5 5. Bc4 Nc7 6. d4 cxd4 7. cxd4 e6 8. Nc3 d6 9. Qe2 Be7 10. O-O O-O 11. Re1 dxe5 12. dxe5 Nd4 13. Nxd4 Qxd4 14. Bd2 Qh4 15. Qf1 b6 16. Re4 Qh5 17. Be2 Qg6 18. Rg4 Qf5 19. Bh6 g6 20. Re1 Bb7 21. Rf4 Qc2 22. Bxf8 Rxf8 23. Bf3 Ba6 24. Be2 Bb7 25. Rb1 Nd5 26. Nxd5 Bxd5 27. Bc4 Ba8 28. Qd1 Qxd1+ 29. Rxd1 Bc5 30. b4 Bxb4 31. Bxe6 fxe6 32. Rxb4 Bd5 33. a4 Rf5 34. Re1 g5 35. f3 h5 36. h3 h4 37. a5 bxa5 38. Ra4 a6 39. Rxa5 Bc4 40. Rc5 Bb5 41. Re4 Kf7 42. Kf2 Ke7 43. Rc7+ Kd8 44. Rg7 Bc6 45. Rd4+ Ke8 46. Rc4 Bd7 47. Rc7 1-0

[Event "Titled Tuesday intern op 19th Jan"]
[Site "Chess.com INT"]
[Date "2021.01.19"]
[Round "2"]
[White "Injac, Teodora"]
[Black "Zhigalko, Sergei"]
[Result "0-1"]
[WhiteElo "2314"]
[BlackElo "2572"]
[PlyCount "46"]
[EventDate "2021.01.19"]
[EventType "swiss (blitz)"]
[EventRounds "11"]
[EventCountry "USA"]
[SourceTitle "CBM 200 Extra"]
[Source "ChessBase"]
[SourceDate "2021.03.31"]
[SourceVersion "1"]
[SourceVersionDate "2021.03.31"]
[SourceQuality "1"]

1. d4 Nf6 2. c4 e6 3. Nf3 b6 4. a3 Ba6 5. e3 d5 6. Nbd2 Be7 7. b4 O-O 8. Bb2 c5 9. dxc5 bxc5 10. b5 Bb7 11. Qc2 Nbd7 12. Bd3 h6 13. O-O Rc8 14. Rfd1 Bd6 15. cxd5 exd5 16. Bf5 Rc7 17. Nc4 Bxh2+ 18. Nxh2 dxc4 19. e4 Qe7 20. e5 Nd5 21. Qxc4 Nxe5 22. Qe4 Nc3 23. Qf4 Ne2+ 0-1

[Event "Titled Tuesday intern op 19th Jan"]
[Site "Chess.com INT"]
[Date "2021.01.19"]
[Round "5"]
[White "Zhigalko, Sergei"]
[Black "Bernadskiy, Vitaliy"]
[Result "1-0"]
[WhiteElo "2572"]
[BlackElo "2619"]
[PlyCount "107"]
[EventDate "2021.01.19"]
[EventType "swiss (blitz)"]
[EventRounds "11"]
[EventCountry "USA"]
[SourceTitle "CBM 200 Extra"]
[Source "ChessBase"]
[SourceDate "2021.03.31"]
[SourceVersion "1"]
[SourceVersionDate "2021.03.31"]
[SourceQuality "1"]

1. e4 c5 2. Nf3 d6 3. d4 cxd4 4. Qxd4 Nf6 5. Nc3 e5 6. Bb5+ Nbd7 7. Qd3 Be7 8. Bg5 O-O 9. Bxd7 Qxd7 10. O-O-O Ne8 11. Nd5 Bxg5+ 12. Nxg5 Qd8 13. Qe3 Be6 14. f4 h6 15. Nf3 Bxd5 16. Rxd5 Nf6 17. Rd3 exf4 18. Qxf4 Qa5 19. Kb1 Rfe8 20. Re1 Re6 21. Rxd6 Rxd6 22. Qxd6 Rd8 23. b4 Rxd6 24. bxa5 Ra6 25. e5 Nd5 26. c4 Nb4 27. Rd1 Rxa5 28. Rd8+ Kh7 29. Rd7 Nxa2 30. Rxf7 Nc3+ 31. Kc2 Ne4 32. Rxb7 Ra2+ 33. Kc1 Nc5 34. Rb5 Nd3+ 35. Kd1 Rxg2 36. e6 Nf2+ 37. Kc1 Ne4 38. e7 Nd6 39. Rd5 Ne8 40. Rd8 Nf6 41. e8=Q Nxe8 42. Rxe8 Rf2 43. Re3 g5 44. Rc3 g4 45. Ne5 h5 46. c5 Rxh2 47. c6 g3 48. Rxg3 Re2 49. Rc3 Rxe5 50. c7 Re8 51. c8=Q Rxc8 52. Rxc8 Kg6 53. Kd2 h4 54. Ke2 1-0

[Event "Titled Tuesday intern op 19th Jan"]
[Site "Chess.com INT"]
[Date "2021.01.19"]
[Round "6"]
[White "Bortnyk, Olexandr"]
[Black "Zhigalko, Sergei"]
[Result "1-0"]
[WhiteElo "2598"]
[BlackElo "2572"]
[PlyCount "89"]
[EventDate "2021.01.19"]
[EventType "swiss (blitz)"]
[EventRounds "11"]
[EventCountry "USA"]
[SourceTitle "CBM 200 Extra"]
[Source "ChessBase"]
[SourceDate "2021.03.31"]
[SourceVersion "1"]
[SourceVersionDate "2021.03.31"]
[SourceQuality "1"]

1. e4 c5 2. Nf3 Nc6 3. c3 Nf6 4. e5 Nd5 5. d4 cxd4 6. cxd4 d6 7. Bc4 Nb6 8. Bb5 d5 9. Nh4 e6 10. Nf3 Bd7 11. Nc3 Rc8 12. O-O Be7 13. Bd3 a6 14. Qe2 O-O 15. Rd1 Na7 16. h4 Nc4 17. Ng5 h6 18. Nh7 Re8 19. Qg4 f5 20. Qg6 Kh8 21. Bxh6 Rg8 22. Ng5 Bxg5 23. Bxg5 Qe8 24. Qxe8 Rgxe8 25. Bc1 Kg8 26. Ne2 Bb5 27. a4 Bd7 28. b3 Na5 29. Rb1 b5 30. Bd2 N5c6 31. g3 Rb8 32. a5 b4 33. Bxa6 Nxa5 34. Nf4 Rb6 35. Be2 Rc8 36. h5 N5c6 37. Be3 Nb5 38. Bxb5 Rxb5 39. Rdc1 Ra5 40. Nd3 Kf7 41. Kg2 Ke8 42. Nc5 Rca8 43. h6 gxh6 44. Rh1 Ne7 45. Rxh6 1-0

[Event "Titled Tuesday intern op 19th Jan"]
[Site "Chess.com INT"]
[Date "2021.01.19"]
[Round "7"]
[White "Zhigalko, Sergei"]
[Black "Bluebaum, Matthias"]
[Result "1/2-1/2"]
[WhiteElo "2572"]
[BlackElo "2670"]
[PlyCount "132"]
[EventDate "2021.01.19"]
[EventType "swiss (blitz)"]
[EventRounds "11"]
[EventCountry "USA"]
[SourceTitle "CBM 200 Extra"]
[Source "ChessBase"]
[SourceDate "2021.03.31"]
[SourceVersion "1"]
[SourceVersionDate "2021.03.31"]
[SourceQuality "1"]

1. e4 e6 2. d4 d5 3. e5 c5 4. c3 Qb6 5. Nf3 Bd7 6. Be2 cxd4 7. cxd4 Bb5 8. Nc3 Bxe2 9. Nxe2 Nc6 10. O-O Nge7 11. Ng3 Ng6 12. Nh5 Rc8 13. Be3 Rg8 14. Qe2 Be7 15. Rac1 Qa6 16. Qxa6 bxa6 17. Rc2 Kd7 18. Rfc1 Bd8 19. Kf1 h6 20. Ke2 Bb6 21. a3 Nge7 22. g4 a5 23. Kd3 a4 24. Bd2 Ng6 25. Be3 Nge7 26. h3 Ng6 27. Rc3 Ba5 28. R3c2 Bb6 29. h4 Nge7 30. Bd2 Ng6 31. Bxh6 Nxd4 32. Nxd4 Nxe5+ 33. Ke2 Bxd4 34. Bxg7 Rxc2+ 35. Rxc2 Kd6 36. g5 Bb6 37. Bf6 Ng6 38. Kf3 Nxh4+ 39. Kg4 Ng6 40. f4 d4 41. Ng3 Kd5 42. Kf3 d3 43. Rd2 Kc4 44. Ke4 Kb3 45. Rxd3+ Ka2 46. Rd2 Rc8 47. f5 Rc4+ 48. Kd3 Rg4 49. fxg6 Rxg3+ 50. Ke4 fxg6 51. Rd7 Re3+ 52. Kf4 Re2 53. Rg7 Be3+ 54. Kf3 Re1 55. Rxg6 Bc1 56. Rg7 Bxb2 57. Rxa7 Bxf6 58. gxf6 Rf1+ 59. Ke2 Rxf6 60. Rxa4 Kb3 61. Ra8 e5 62. Ke3 Rc6 63. Ke4 Rc4+ 64. Kxe5 Ra4 65. Rxa4 Kxa4 66. Kd4 Kxa3 1/2-1/2

[Event "Titled Tuesday intern op 19th Jan"]
[Site "Chess.com INT"]
[Date "2021.01.19"]
[Round "8"]
[White "Vrolijk, Liam"]
[Black "Zhigalko, Sergei"]
[Result "1/2-1/2"]
[WhiteElo "2480"]
[BlackElo "2572"]
[PlyCount "241"]
[EventDate "2021.01.19"]
[EventType "swiss (blitz)"]
[EventRounds "11"]
[EventCountry "USA"]
[SourceTitle "CBM 200 Extra"]
[Source "ChessBase"]
[SourceDate "2021.03.31"]
[SourceVersion "1"]
[SourceVersionDate "2021.03.31"]
[SourceQuality "1"]

1. d4 Nf6 2. c4 e6 3. Nc3 Bb4 4. Qc2 O-O 5. e4 d5 6. e5 Ne4 7. Bd3 c5 8. Nf3 cxd4 9. Nxd4 Nd7 10. Bf4 Ndc5 11. O-O Bxc3 12. bxc3 Bd7 13. cxd5 Ba4 14. Qe2 Qxd5 15. Rac1 Nxd3 16. Qxd3 Rac8 17. c4 Nc5 18. Qd2 Qe4 19. Rfe1 Qd3 20. Qb2 Rfd8 21. Be3 Qg6 22. Qa3 b6 23. Ne2 Bc6 24. Nf4 Qg5 25. Nd5 Qh4 26. Bxc5 bxc5 27. g3 Qh3 28. Ne7+ Kh8 29. Nxc6 Rxc6 30. Rcd1 Rcc8 31. Qxa7 Qh5 32. Rxd8+ Rxd8 33. Qxc5 h6 34. a4 Qf3 35. a5 Qc3 36. Qe3 Qxa5 37. Rc1 Qa8 38. c5 Qc6 39. h4 Rd5 40. Qc3 Kg8 41. Qb4 Kh7 42. Qb1+ g6 43. Qe4 Qc7 44. Qf4 Kg7 45. c6 h5 46. Qf6+ Kg8 47. Qf4 Kg7 48. Kg2 Kg8 49. Qe4 Kg7 50. Qf4 Kg8 51. Rc3 Kg7 52. Qf6+ Kg8 53. Ra3 Rd8 54. Rc3 Rd5 55. Rc4 Rd8 56. Qf3 Rd5 57. Qb3 Rd8 58. Qb7 Rc8 59. Qxc7 Rxc7 60. Kf3 Kf8 61. Ke4 Ke7 62. Kd4 Ra7 63. Kc5 Kd8 64. Kb6 Ra2 65. Rd4+ Kc8 66. Rd7 Rb2+ 67. Kc5 Rxf2 68. Ra7 Kb8 69. Re7 Kc8 70. Ra7 Kb8 71. Rb7+ Kc8 72. Kd6 Rd2+ 73. Ke7 Rd5 74. Kf6 Rc5 75. Rxf7 Rxc6 76. Kxg6 Rc3 77. Kxh5 Rxg3 78. Re7 Kd8 79. Rxe6 Kd7 80. Rd6+ Ke7 81. Rg6 Re3 82. Rg5 Re4 83. Rf5 Ke6 84. Kg5 Re1 85. Rf8 Rg1+ 86. Kh6 Kxe5 87. h5 Ke6 88. Kh7 Ke7 89. Rf2 Rg3 90. h6 Ke8 91. Rf6 Ke7 92. Rf5 Ke8 93. Kh8 Ke7 94. Ra5 Kf7 95. Ra7+ Kf8 96. Rg7 Rh3 97. Kh7 Rh1 98. Rg3 Kf7 99. Rf3+ Ke7 100. Rf5 Ke6 101. Rf8 Rg1 102. Rg8 Rh1 103. Kg7 Rg1+ 104. Kf8 Rf1+ 105. Ke8 Rh1 106. Rg6+ Kf5 107. Kf7 Ra1 108. Rd6 Ra7+ 109. Kg8 Ra8+ 110. Kg7 Ra7+ 111. Kf8 Ra8+ 112. Ke7 Ra7+ 113. Kd8 Kg5 114. Ke8 Rh7 115. Kf8 Rxh6 116. Rd5+ Kg4 117. Kg7 Rh1 118. Kg6 Kf3 119. Rf5+ Ke4 120. Rh5 Rxh5 121. Kxh5 1/2-1/2

[Event "Titled Tuesday intern op 19th Jan"]
[Site "Chess.com INT"]
[Date "2021.01.19"]
[Round "9"]
[White "Zhigalko, Sergei"]
[Black "Jaracz, Pawel"]
[Result "1-0"]
[WhiteElo "2572"]
[BlackElo "2456"]
[PlyCount "55"]
[EventDate "2021.01.19"]
[EventType "swiss (blitz)"]
[EventRounds "11"]
[EventCountry "USA"]
[SourceTitle "CBM 200 Extra"]
[Source "ChessBase"]
[SourceDate "2021.03.31"]
[SourceVersion "1"]
[SourceVersionDate "2021.03.31"]
[SourceQuality "1"]

1. e4 e5 2. Nf3 Nc6 3. Bc4 Bc5 4. b4 Be7 5. b5 Na5 6. Nxe5 Nxc4 7. Nxc4 d5 8. exd5 Qxd5 9. Ne3 Qxb5 10. Nc3 Qd7 11. Ncd5 Nf6 12. Nxe7 Qxe7 13. O-O O-O 14. Bb2 Qe6 15. Qf3 Ne4 16. d3 Nd6 17. Nd5 Nf5 18. Nxc7 Qb6 19. Be5 f6 20. Nxa8 Qc5 21. Bb2 Bd7 22. Qxb7 Bc6 23. Qb3+ Bd5 24. Qc3 Qd6 25. Ba3 Qf4 26. Bxf8 Qg5 27. f3 Ne3 28. Rf2 1-0

[Event "Titled Tuesday intern op 19th Jan"]
[Site "Chess.com INT"]
[Date "2021.01.19"]
[Round "10"]
[White "Norowitz, Yaacov"]
[Black "Zhigalko, Sergei"]
[Result "0-1"]
[WhiteElo "2420"]
[BlackElo "2572"]
[PlyCount "152"]
[EventDate "2021.01.19"]
[EventType "swiss (blitz)"]
[EventRounds "11"]
[EventCountry "USA"]
[SourceTitle "CBM 200 Extra"]
[Source "ChessBase"]
[SourceDate "2021.03.31"]
[SourceVersion "1"]
[SourceVersionDate "2021.03.31"]
[SourceQuality "1"]

1. d4 Nf6 2. e3 e6 3. Nf3 b6 4. Bd3 Bb7 5. O-O d5 6. Nbd2 Bd6 7. Ne5 O-O 8. f4 c5 9. c3 Ne4 10. Nxe4 dxe4 11. Bc4 Nc6 12. Qe2 Qe7 13. Bd2 Rac8 14. Be1 Na5 15. Bb5 f6 16. Nc4 Nxc4 17. Bxc4 cxd4 18. cxd4 Bd5 19. Bxd5 exd5 20. Qb5 Qb7 21. a4 a6 22. Qb3 Rc4 23. Bd2 Rfc8 24. Rfc1 Kf7 25. Rxc4 Rxc4 26. Rc1 Rxc1+ 27. Bxc1 Qc6 28. Bd2 Be7 29. f5 g6 30. Qd1 Qc4 31. Be1 gxf5 32. Qh5+ Kg7 33. Qxf5 Qe2 34. Qf2 Qd1 35. h3 Bd6 36. a5 bxa5 37. Qf1 a4 38. Bc3 Bh2+ 39. Kf2 Bg3+ 40. Kg1 Qxf1+ 41. Kxf1 Kf7 42. Ke2 Bd6 43. Kd1 Ke6 44. Kc2 f5 45. Bd2 Kd7 46. b3 axb3+ 47. Kxb3 h5 48. Ka4 Kc6 49. Ka5 Kb7 50. Ka4 Kb6 51. Ba5+ Kc6 52. Bd2 Bc7 53. Bc1 Bb6 54. Bb2 Kb7 55. Bc3 Kc6 56. Bb2 Kd7 57. Bc3 Ke6 58. g3 Bc7 59. Be1 Kd7 60. Bf2 Kc6 61. h4 Kb6 62. Be1 Kc6 63. Bf2 Kb7 64. Be1 Bd6 65. Bf2 Be7 66. Be1 Kb6 67. Bf2 Kb7 68. Be1 Bf8 69. Bf2 Bh6 70. Ka5 Ka7 71. Ka4 Kb6 72. Bg1 a5 73. Bf2 Ka6 74. Bg1 Bf8 75. Bf2 Bb4 76. Kb3 Kb5 0-1

[Event "Titled Tuesday intern op 19th Jan"]
[Site "Chess.com INT"]
[Date "2021.01.19"]
[Round "11"]
[White "Zhigalko, Sergei"]
[Black "Mammadov, Zaur Fazahir Oglu"]
[Result "0-1"]
[WhiteElo "2572"]
[BlackElo "2417"]
[PlyCount "84"]
[EventDate "2021.01.19"]
[EventType "swiss (blitz)"]
[EventRounds "11"]
[EventCountry "USA"]
[SourceTitle "CBM 200 Extra"]
[Source "ChessBase"]
[SourceDate "2021.03.31"]
[SourceVersion "1"]
[SourceVersionDate "2021.03.31"]
[SourceQuality "1"]

1. e4 c6 2. d4 d5 3. e5 Bf5 4. Nf3 e6 5. Be2 Nd7 6. O-O Ne7 7. Nbd2 h6 8. Nb3 Qc7 9. a4 g5 10. a5 Bg7 11. Bd2 O-O 12. Bb4 Rfe8 13. h4 f6 14. Bd6 Qd8 15. hxg5 fxg5 16. Nh2 Bg6 17. Bh5 Bxh5 18. Qxh5 Nf5 19. Ba3 b6 20. Ng4 c5 21. c3 Rc8 22. Rad1 Qe7 23. dxc5 bxc5 24. c4 dxc4 25. Nd2 Nxe5 26. Nxe5 Bxe5 27. Nxc4 Bg7 28. Rfe1 Qf6 29. Rd7 Re7 30. Red1 Rc7 31. Rd8+ Kh7 32. Qf3 Nd4 33. Qe4+ Qg6 34. Qa8 Rf7 35. Nd6 Qc2 36. Rf1 Ne2+ 37. Kh2 Be5+ 38. f4 Rxf4 39. Rxf4 Bxf4+ 40. Kh3 Ng1+ 41. Kg4 Qe2+ 42. Qf3 Nxf3 0-1

[Event "Titled Tuesday intern op 26th Jan"]
[Site "Chess.com INT"]
[Date "2021.01.26"]
[Round "1"]
[White "Zhigalko, Sergei"]
[Black "Rolfe, Warrick"]
[Result "1-0"]
[WhiteElo "2572"]
[BlackElo "2087"]
[PlyCount "69"]
[EventDate "2021.01.26"]
[EventType "swiss (blitz)"]
[EventRounds "11"]
[EventCountry "USA"]
[SourceTitle "CBM 200 Extra"]
[Source "ChessBase"]
[SourceDate "2021.03.31"]
[SourceVersion "1"]
[SourceVersionDate "2021.03.31"]
[SourceQuality "1"]

1. e4 c5 2. Nf3 Nc6 3. c3 g6 4. d4 cxd4 5. cxd4 Bg7 6. Nc3 Nh6 7. d5 Nb8 8. Be3 f6 9. Bc4 Nf7 10. O-O O-O 11. Re1 e5 12. dxe6 dxe6 13. Qb3 Qe7 14. Nd4 Re8 15. Rad1 Ne5 16. Bb5 Rf8 17. h3 a6 18. Bf1 Nbc6 19. Na4 Qb4 20. Qxb4 Nxb4 21. Nb6 Rb8 22. a3 Nbc6 23. f4 Nxd4 24. Bxd4 Nc6 25. Bc5 Re8 26. Bd6 e5 27. Bc4+ Kh8 28. Bxb8 Nxb8 29. fxe5 fxe5 30. Bd5 Bf8 31. Nxc8 Rxc8 32. Bxb7 Re8 33. b4 a5 34. bxa5 Bc5+ 35. Kh1 1-0

[Event "Titled Tuesday intern op 26th Jan"]
[Site "Chess.com INT"]
[Date "2021.01.26"]
[Round "2"]
[White "Zarubitski, Viachaslau"]
[Black "Zhigalko, Sergei"]
[Result "0-1"]
[WhiteElo "2448"]
[BlackElo "2572"]
[PlyCount "80"]
[EventDate "2021.01.26"]
[EventType "swiss (blitz)"]
[EventRounds "11"]
[EventCountry "USA"]
[SourceTitle "CBM 200 Extra"]
[Source "ChessBase"]
[SourceDate "2021.03.31"]
[SourceVersion "1"]
[SourceVersionDate "2021.03.31"]
[SourceQuality "1"]

1. e4 c5 2. Nf3 Nc6 3. c3 Nf6 4. e5 Nd5 5. Bc4 Nb6 6. Bb3 g6 7. d4 cxd4 8. cxd4 Bg7 9. O-O O-O 10. Re1 d5 11. h3 Bf5 12. Nc3 Rc8 13. a3 a6 14. Ba2 Qd7 15. Bd2 Nc4 16. Bxc4 dxc4 17. d5 Na5 18. Nd4 Bd3 19. Bg5 b5 20. b4 Nb7 21. Qd2 e6 22. Bf6 exd5 23. Bxg7 Kxg7 24. e6 Qd6 25. e7 Rfe8 26. Qg5 h6 27. Qxd5 Rxe7 28. Rxe7 Qxe7 29. Nf3 Rd8 30. Qc6 Rd6 31. Qc8 Qd7 32. Qb8 Nd8 33. Re1 Nc6 34. Qa8 Re6 35. Rxe6 Qxe6 36. Qxa6 Qf6 37. Qxb5 Qxc3 38. Qxc6 Qxa3 39. b5 c3 40. b6 c2 0-1

[Event "Titled Tuesday intern op 26th Jan"]
[Site "Chess.com INT"]
[Date "2021.01.26"]
[Round "4"]
[White "Zhigalko, Sergei"]
[Black "Dobrov, Vladimir"]
[Result "1-0"]
[WhiteElo "2572"]
[BlackElo "2478"]
[PlyCount "67"]
[EventDate "2021.01.26"]
[EventType "swiss (blitz)"]
[EventRounds "11"]
[EventCountry "USA"]
[SourceTitle "CBM 200 Extra"]
[Source "ChessBase"]
[SourceDate "2021.03.31"]
[SourceVersion "1"]
[SourceVersionDate "2021.03.31"]
[SourceQuality "1"]

1. e4 c5 2. Nf3 Nc6 3. c3 Nf6 4. e5 Nd5 5. Bc4 Nb6 6. Bb3 c4 7. Bc2 Qc7 8. Qe2 g5 9. h3 Bg7 10. O-O Nxe5 11. Nxg5 d5 12. a4 h6 13. Nf3 Nxf3+ 14. Qxf3 Be6 15. Re1 Nd7 16. d4 cxd3 17. Bxd3 O-O-O 18. Bf4 Be5 19. Be3 Bd6 20. Bxa7 Ne5 21. Rxe5 Bxe5 22. a5 Rd6 23. Na3 Qxa5 24. Nc2 Qc7 25. Bd4 Bxd4 26. Nxd4 Qb8 27. Nb5 Rb6 28. Qe3 Rc6 29. Na7+ Kd7 30. Nxc6 bxc6 31. Ra7+ Ke8 32. Qc5 Qd8 33. Qxc6+ Kf8 34. Ra8 1-0

[Event "Titled Tuesday intern op 26th Jan"]
[Site "Chess.com INT"]
[Date "2021.01.26"]
[Round "5"]
[White "Sychev, Klementy"]
[Black "Zhigalko, Sergei"]
[Result "1-0"]
[WhiteElo "2572"]
[BlackElo "2572"]
[PlyCount "73"]
[EventDate "2021.01.26"]
[EventType "swiss (blitz)"]
[EventRounds "11"]
[EventCountry "USA"]
[SourceTitle "CBM 200 Extra"]
[Source "ChessBase"]
[SourceDate "2021.03.31"]
[SourceVersion "1"]
[SourceVersionDate "2021.03.31"]
[SourceQuality "1"]

1. Nf3 d5 2. g3 c6 3. Bg2 Bg4 4. O-O e6 5. h3 Bh5 6. d4 Nf6 7. c4 Be7 8. Nc3 O-O 9. Qb3 Qb6 10. Ne5 Nbd7 11. g4 Bg6 12. g5 Qxd4 13. gxf6 Nc5 14. Qd1 Qxe5 15. fxe7 Rfe8 16. Be3 Nd7 17. Qd2 Rxe7 18. Bf4 Qh5 19. e4 e5 20. Bg3 dxe4 21. Nxe4 f5 22. Qg5 Qxg5 23. Nxg5 f4 24. Bh4 Nc5 25. Ne4 Bxe4 26. Bxe7 f3 27. Bxc5 fxg2 28. Rfe1 Bf3 29. Rxe5 b6 30. Be7 Re8 31. Re3 Bh5 32. Kxg2 h6 33. Rae1 Rc8 34. Rd3 c5 35. Rd8+ Rxd8 36. Bxd8 Bf7 37. b3 1-0